00321 a2200121 4500001000700000020000600007040001100013100004000024240005400064245004900118362000900167440002300176169175 a  cMagnum aAraujo, Claudio Gil Soares (Coord.)10aFundamentos biologicos - medicina desportivalpor10aFundamentos biologicos - medicina desportiva0 a1899 1aAo Livro Técnico